Регионална библиотека "Любен Каравелов" - Русе

Цветя и декоративни храсти (Запис номер 287)

MARC детайли
000 -Лидер
Контролно поле с фиксирана дължина 01550nam a2200397 a 4500
003 - Код на организацията, давaща контролен номер
Контролно поле BLK
005 - Дата и час на последна редакция
Контролно поле 20250516131554.0
008 - Елементи от данни с фиксирана дължина
fixed length control field 180412b bul|||||r ||||||| ||bul||
010 ## - Наследен системен номер
LC control number KNG00000448000
020 ## - Международен стандартен номер на книга ISBN
Международен стандартен номер на книга ISBN 954-05-0242-Х
040 ## - Източник на каталожния запис
Идентификатор на билиотеката - собственик на записа BLK
041 ## - Код за език
Код за езика на текст/звукозапис или на отделно заглавие Български
Код за езика КДБФ Български
080 ## - УДК
Текстов определител УДК Декоративни растения. Декоративно градинарство
УДК код - определител по УДК 635.9
УДК определител (035)
УДК - код + определител 635.9(035)
100 1# - Редна дума - Автор
Автор Папазова, Гена Й.
Авторска отговорност първи автор
R(LIN) 242103
139 ## - Редно поле
Редна дума Папазова, Гена Й. и др.
Авторски знак Пап - П 21
245 10 - Сведения за заглавието
Заглавие Цветя и декоративни храсти
Подзаглавни данни [Ръководство]
Редно поле (дума) Гена Й. Папазова; съавт. Радка Г. Цанкова.
257 ## - Страна на издаване
Страна на създаване/издаване България
260 ## - Област на издателските данни
Място на издаване, разпространение и проч. София
Име на издателя, разпространителя и проч. Земиздат
Година на издаване 1994
300 ## - Физическа характеристика
Страници 315 с.
Илюстрации и др. с ил., табл.
Размери/Мащаб 20 см
380 ## - Жанр
Жанр Селско стопанство
500 ## - Общи забележки
Забележка 8 050 тир.
650 #4 - Допълнително описание по предмет – тема
Основно описание – тема или топоним Цветарство - наръчници и ръководства
9 (RLIN) 242105
650 #4 - Допълнително описание по предмет – тема
Основно описание – тема или топоним Декоративни растения - наръчници и ръководства
9 (RLIN) 242106
653 ## - Ключова дума – ненормативна
Ключова дума цветя
653 ## - Ключова дума – ненормативна
Ключова дума цветарство
653 ## - Ключова дума – ненормативна
Ключова дума храсти
653 ## - Ключова дума – ненормативна
Ключова дума декоративни растения
700 1# - Други автори (авторска отговорност)
Лично име Цанкова, Радка Г.
Автороска отговорност (Описва отношението между автора и произведението) съавт.
9 (RLIN) 242104
852 ## - Местоположение
Форматна сигнатура Цб 175021
Фондова буква Хранилище
856 4# - Електронен адрес и достъп
Електронен формат pdf - файл
Път до файла /url/
Инструкция (цена за достъп) 0.00
Права за достъп disable
856 4# - Електронен адрес и достъп
Електронен формат pdf - файл
Път до файла /url/
Инструкция (цена за достъп) 0.00
Права за достъп disable
999 ## - СИСТЕМНИ КОНТРОЛНИ НОМЕРА
Koha biblionumber 287
Koha biblioitemnumber 287
942 ## - АРТИКУЛИ
Вид на библиотечния материал Книги
Скрит в OPAC Не
Koha issues (borrowed), all copies 4
Периодичен библиозапис Да
944 ## - СЪЗДАВАНЕ И РЕДАКЦИЯ на ЗАПИСА
Създаване/Редакция Създаване
Дата на регистрацията/редакция 15.01.2003
Служител, извършил регистрацията/редакцията 30542
Статус, дата на статуса Русанова Ирена
944 ## - СЪЗДАВАНЕ И РЕДАКЦИЯ на ЗАПИСА
Създаване/Редакция Редакция
Дата на регистрацията/редакция 16.04.2004
999 ## - СИСТЕМНИ КОНТРОЛНИ НОМЕРА
Koha biblioitemnumber 287
Наличности
Код за отписване Код за изгубен артикул Източник на класификационната схема Код за повреда Коз за рестрикции Код за отдаване Артикулен № Име на библиотеката - собственик Име на библиотеката, в която се намира в момента Статус (Текущо местоположение) Дата на вписване в системата Местоположение - отдел Цена в лева Инвентарен номер Систематично азбучна сигнатура Баркод Номер на екземпляра Цена в евро Служебна бележка Служебен тип на артикула
  Не е изгубен Universal Decimal Classification Не е повреден без рестрикции ползва се в читалня 549 Регионална библиотека "Любен Каравелов" Русе Регионална библиотека "Любен Каравелов" Русе Хранилище 1994-01-01 Хранилище 0.59 599428 Цб 175021 120000599428 1 0.30 Дост: Dp Вид: Д N: 6 Дата: 01.01.1994 Книги
Изтеглен Не е изгубен Universal Decimal Classification Не е повреден без рестрикции заемане за дома 550 Регионална библиотека "Любен Каравелов" Русе Регионална библиотека "Любен Каравелов" Русе Заемна - подръчен фонд 1994-01-01 Заемна - подръчен фонд 0.58 595516 П 635.9/П 21 595516 2 0.30 Дост: Pk Вид: Ф N: стар фонд Дата: 01.01.1994 Книги
  Не е изгубен Universal Decimal Classification Не е повреден без рестрикции заемане за дома 551 Регионална библиотека "Любен Каравелов" Русе Регионална библиотека "Любен Каравелов" Русе Заемна - подръчен фонд 1994-01-01 Заемна - подръчен фонд 29.40 595517 635.9/П 21 120000595517 3 15.03 Дост: Pk Вид: Ф N: стар фонд Дата: 01.01.1994 Дата инв: 19.08.2015 Бележки инв: Д2015 Книги
  Не е изгубен Universal Decimal Classification Не е повреден без рестрикции ползва се в читалня 552 Регионална библиотека "Любен Каравелов" Русе Регионална библиотека "Любен Каравелов" Русе Читалня 1994-01-01 Читалня 29.40 595518 Ч 635/П 21 120000595518 4 15.03 Дост: Pk Вид: Ф N: стар фонд Дата: 01.01.1994 Дата инв: 20.03.2017 Бележки инв: Ч2017 Книги
Vip Innovations Ltd, Rousse, Bulgaria 2025